| 000 | 00771cam a22002414a 4500 | ||
|---|---|---|---|
| 001 | 12804690 | ||
| 005 | 20180130070254.0 | ||
| 008 | 020606s2002 nyua bf 001 0 eng | ||
| 010 | _a 2002008923 | ||
| 020 | _a1572307587 | ||
| 040 |
_aDLC _cDLC _dDLC |
||
| 041 | _aeng | ||
| 042 | _apcc | ||
| 080 | _a616.89156 ala | ||
| 082 | 0 | 0 |
_a616.89156 ala _221 |
| 100 | _a3 | ||
| 101 | _ashm | ||
| 245 | 0 | 0 |
_aClinical handbook of couple therapy / _cedited by Alan S. Gurman, Neil S. Jacobson. |
| 504 | _aIncludes bibliographical references and index. | ||
| 906 |
_a7 _bcbc _corignew _d1 _eecip _f20 _gy-gencatlg |
||
| 942 |
_2ddc _cBK |
||
| 999 |
_c41282 _d41282 |
||